Catalog

Record Details

Catalog Search



The queens of crime : a novel  Cover Image CD Audiobook CD Audiobook

The queens of crime : a novel / Marie Benedict.

Benedict, Marie,: (author.). Carter, Bessie,: (narrator.).

Summary:

London, 1930. The five greatest women crime writers have banded together to form a secret society with a single goal: to show they are no longer willing to be treated as second class citizens by their male counterparts in the legendary Detection Club. Led by the formidable Dorothy L. Sayers, the group includes Agatha Christie, Ngaio Marsh, Margery Allingham and Baroness Emma Orczy. They call themselves the Queens of Crime. Their plan? Solve an actual murder, that of a young woman found strangled in a park in France who may have connections leading to the highest levels of the British establishment. May Daniels, a young English nurse on an excursion to France with her friend, seemed to vanish into thin air as they prepared to board a ferry home. Months later, her body is found in the nearby woods. The murder has all the hallmarks of a locked room mystery for which these authors are famous: how did her killer manage to sneak her body out of a crowded train station without anyone noticing? If, as the police believe, the cause of death is manual strangulation, why is there is an extraordinary amount of blood at the crime scene? What is the meaning of a heartbreaking secret letter seeming to implicate an unnamed paramour? Determined to solve the highly publicized murder, the Queens of Crime embark on their own investigation, discovering they're stronger together. But soon the killer targets Dorothy Sayers herself, threatening to expose a dark secret in her past that she would do anything to keep hidden.

Record details

  • ISBN: 9798228398108
  • ISBN: 9781250379597
  • ISBN: 1250379598
  • Physical Description: 9 audio discs (630 min.) : digital, CD audio ; 4 3/4 in.
  • Edition: Unabridged.
  • Publisher: [New York] : Macmillan Audio, 2025.

Content descriptions

General Note:
Compact discs.
Participant or Performer Note:
Read by Bessie Carter.
Subject: Christie, Agatha, 1890-1976 > Fiction.
Sayers, Dorothy L. (Dorothy Leigh), 1893-1957 > Fiction.
Marsh, Ngaio, 1895-1982 > Fiction.
Allingham, Margery, 1904-1966 > Fiction.
Orczy, Emmuska Orczy, Baroness, 1865-1947 > Fiction.
Women novelists > Fiction.
Secret societies > Fiction.
Women > Societies and clubs > Fiction.
Female friendship > Fiction.
Sexism > Fiction.
Murder > Investigation > Fiction.
London (England) > Fiction.
France > Fiction.
England > Social life and customs > 20th century > Fiction.
Genre: Audiobooks.
Detective and mystery fiction.
Biographical fiction.
Historical fiction.
Thrillers (Fiction)
Novels.

Available copies

  • 1 of 1 copy available at scottsboropl.

Holds

  • 0 current holds with 1 total copy.
Show All Copies
Location Call Number / Copy Notes Barcode Shelving Location Status Due Date
scottsboropl BK/CD Ben 32269001291759 Adult - Audiobook Available -

LDR 04782cim a2200865 i 4500
001167115
003SBPL
00520260218142702.0
008240904s2025 nyunnnne f n eng d
007sd fsngnnmmned
020 . ‡a9798228398108
020 . ‡a9781250379597
020 . ‡a1250379598
035 . ‡a(OCoLC)1458657285
050 4. ‡aPS3620.E75 ‡bQ44 2025ab
08204. ‡a813/.6 ‡223
1001 . ‡aBenedict, Marie,: ‡eauthor.
24514. ‡aThe queens of crime : ‡ba novel / ‡cMarie Benedict.
250 . ‡aUnabridged.
260 . ‡a[New York] : ‡bMacmillan Audio, ‡c2025.
300 . ‡a9 audio discs (630 min.) : ‡bdigital, CD audio ; ‡c4 3/4 in.
306 . ‡a103000
336 . ‡aspoken word ‡bspw ‡2rdacontent
337 . ‡aaudio ‡bs ‡2rdamedia
338 . ‡aaudio disc ‡bsd ‡2rdacarrier
344 . ‡adigital ‡2rdatr
344 . ‡boptical ‡2rdarm
347 . ‡aaudio file ‡2rdaft
347 . ‡bCD audio
500 . ‡aCompact discs.
5110 . ‡aRead by Bessie Carter.
520 . ‡aLondon, 1930. The five greatest women crime writers have banded together to form a secret society with a single goal: to show they are no longer willing to be treated as second class citizens by their male counterparts in the legendary Detection Club. Led by the formidable Dorothy L. Sayers, the group includes Agatha Christie, Ngaio Marsh, Margery Allingham and Baroness Emma Orczy. They call themselves the Queens of Crime. Their plan? Solve an actual murder, that of a young woman found strangled in a park in France who may have connections leading to the highest levels of the British establishment. May Daniels, a young English nurse on an excursion to France with her friend, seemed to vanish into thin air as they prepared to board a ferry home. Months later, her body is found in the nearby woods. The murder has all the hallmarks of a locked room mystery for which these authors are famous: how did her killer manage to sneak her body out of a crowded train station without anyone noticing? If, as the police believe, the cause of death is manual strangulation, why is there is an extraordinary amount of blood at the crime scene? What is the meaning of a heartbreaking secret letter seeming to implicate an unnamed paramour? Determined to solve the highly publicized murder, the Queens of Crime embark on their own investigation, discovering they're stronger together. But soon the killer targets Dorothy Sayers herself, threatening to expose a dark secret in her past that she would do anything to keep hidden.
60010. ‡aChristie, Agatha, ‡d1890-1976 ‡vFiction.
60010. ‡aSayers, Dorothy L. ‡q(Dorothy Leigh), ‡d1893-1957 ‡vFiction.
60010. ‡aMarsh, Ngaio, ‡d1895-1982 ‡vFiction.
60010. ‡aAllingham, Margery, ‡d1904-1966 ‡vFiction.
60010. ‡aOrczy, Emmuska Orczy, ‡cBaroness, ‡d1865-1947 ‡vFiction.
650 0. ‡aWomen novelists ‡vFiction.
650 0. ‡aSecret societies ‡vFiction.
650 0. ‡aWomen ‡xSocieties and clubs ‡vFiction.
650 0. ‡aFemale friendship ‡vFiction.
650 0. ‡aSexism ‡vFiction.
650 0. ‡aMurder ‡xInvestigation ‡vFiction.
651 0. ‡aLondon (England) ‡vFiction.
651 0. ‡aFrance ‡vFiction.
651 0. ‡aEngland ‡xSocial life and customs ‡y20th century ‡vFiction.
655 7. ‡aAudiobooks. ‡2lcgft
655 7. ‡aDetective and mystery fiction. ‡2lcgft
655 7. ‡aBiographical fiction. ‡2lcgft
655 7. ‡aHistorical fiction. ‡2lcgft
655 7. ‡aThrillers (Fiction) ‡2lcgft
655 7. ‡aNovels. ‡2lcgft
7001 . ‡aCarter, Bessie,: ‡enarrator.
901 . ‡a167115 ‡bAUTOGEN ‡c167115 ‡tbiblio

Additional Resources